Estudios sobre la revolución francesa y el final del antiguo régimen
محفوظ في:
| المؤلفون الرئيسيون: | , , , , , , , , |
|---|---|
| التنسيق: | كتاب |
| اللغة: | الإسبانية |
| منشور في: |
Madrid
Akal
1980
|
| سلاسل: | Akal Universitaria. Serie: Historia Moderna, 10
|
| الموضوعات: | |
| الوسوم: |
إضافة وسم
لا توجد وسوم, كن أول من يضع وسما على هذه التسجيلة!
|
MARC
| LEADER | 00000nam a2200000 a 4500 | ||
|---|---|---|---|
| 001 | UCO0776 | ||
| 003 | CL-VaPUC | ||
| 008 | 000428e19800000SP |||||||||||||||||spa|d | ||
| 082 | 0 | 4 | |a 944.04 |b RIC |2 21 |
| 100 | 0 | |a Richet, D |e author |9 442283 | |
| 700 | 0 | |a Chaussinand-Nogaret, G |e author |9 442284 | |
| 700 | 0 | |a Gauthier, F |e author |9 442285 | |
| 700 | 0 | |a Robin, R |e author |9 442286 | |
| 700 | 0 | |a Soboul, Albert |e author |9 442287 | |
| 700 | 0 | |a Grenon, M |e author |9 442288 | |
| 700 | 0 | |a Guilhaumou, Jean |e author |9 442289 | |
| 700 | 0 | |a Casanova, A |e author |9 442290 | |
| 700 | 0 | |a Mazauric, Cl |e author |9 442291 | |
| 245 | 1 | 0 | |a Estudios sobre la revolución francesa y el final del antiguo régimen |
| 300 | |a 226 p | ||
| 942 | |c BK | ||
| 945 | |d 20000428 00:00:00 |a rherrera | ||
| 260 | |a Madrid |b Akal |c 1980 | ||
| 650 | 0 | |a Historia de Francia |9 336927 | |
| 650 | 0 | |a Revolución francesa |9 324244 | |
| 650 | 0 | |a Revoluciones burguesas |9 441484 | |
| 650 | 7 | |a ESTUDIOS |2 CL-VaPUC |9 337412 | |
| 650 | 0 | |a Crítica e interpretación |9 255042 | |
| 651 | 0 | |a Francia |9 255157 | |
| 583 | |a last modification |c 20000428 00:00:00 |k Rodrigo Vera | ||
| 490 | 0 | |a Akal Universitaria. Serie: Historia Moderna, 10 | |
| 999 | |c 287423 |d 287421 | ||
| 952 | |0 0 |1 0 |4 0 |6 944_040000000000000_RIC_1980 |7 0 |8 A |9 334275 |a BIBHIS |b BIBHIS |d 2019-11-20 |i 1266136 |o 944.04 RIC 1980 |p 1266136 |r 2025-01-20 |w 2019-11-20 |y BK |k HIS | ||
| 952 | |0 0 |1 0 |4 0 |6 944_040000000000000_RIC_1980 |7 0 |8 A |9 334276 |a BIBHIS |b BIBHIS |d 2019-11-20 |i 1266144 |o 944.04 RIC 1980 |p 1266144 |r 2025-01-20 |w 2019-11-20 |y BK |k HIS | ||